000 01120nas a2200313 4500
001 BR2011003203
003 BR-BrBNA
005 20231205115342.0
007 ta
008 230509b bl.|||p| |||| 00| 00por d
040 _aBR-BrBNA
_bpor
_cBiblioteca Nacional de Agricultura
041 _a(Pt)
072 _aH60; F01
100 1 _aBorghi, E.
100 1 _aCosta, N.V.
100 1 _aCrusciol, C.A.C.
100 1 _aMateus, G.P.
245 1 _aInfluência da distribuição espacial do milho e da Brachiaria brizantha consorciados sobre a população de plantas daninhas em sistema plantio direto na palha
246 1 _aInfluence of the spatial distribution of maize and Brachiaria brizantha intercropping on the weed population under no-tillage
650 _aERVA DANINHA
650 _aCONSORCIAÇÃO DE CULTURA
650 _aMILHO
650 _aBRACHIARIA BRIZANTHA
650 _aPLANTIO DIRETO
650 _aMATÉRIA SECA
773 0 _tPlanta Daninha (Brazil)
_xISSN 0100-8358
_g(Jul-Sep 2008), v. 26(3) p. 559-568
_wBR2011003203
909 _a202311
_bLúcia
_c55
_dLúcia Elande
942 _2AGRIS
_n0
_cANA
999 _c213361
_d213361